Hilmi Associates Ltd v 20 Pembridge Villas Freehold Ltd (Record no. 82321)
[ view plain ]
| 000 -LEADER | |
|---|---|
| fixed length control field | 01529cab a22002415a 4500 |
| 001 - CONTROL NUMBER | |
| control field | L149912 |
| 008 - FIXED-LENGTH DATA ELEMENTS--GENERAL INFORMATION | |
| fixed length control field | 100517e2010 xxk 000 0 eng d |
| 035 ## - SYSTEM CONTROL NUMBER | |
| System control number | (Sirsi) u149912 |
| 041 0# - LANGUAGE CODE | |
| Language code of text/sound track or separate title | eng |
| 245 00 - TITLE STATEMENT | |
| Title | Hilmi Associates Ltd v 20 Pembridge Villas Freehold Ltd |
| Medium | [electronic resource] |
| 260 ## - PUBLICATION, DISTRIBUTION, ETC. | |
| Date of publication, distribution, etc. | 2010 |
| 520 ## - SUMMARY, ETC. | |
| Summary, etc. | [2010] EWCA Civ 314, 30 March 2010. Concerned with validity of a Section 13 notice served by long leasehold tenants of a block of flats seeking to exercise their statutory right under the Leasehold Reform Housing and Urban Development Act 1983 Chapter 1 to acquire the freehold by collective enfranchisement. Appeal concerned the signature of the fourth tenant which was a company which purported to sign the notice through a director and whether this was sufficient under s99(5)(a) and whether it met the terms of the Companies Act 1985 s36A relating to the execution of documents. "Held" appeal dismissed. |
| 590 ## - LOCAL NOTE (RLIN) | |
| Local note | KA |
| 650 24 - SUBJECT ADDED ENTRY--TOPICAL TERM | |
| Topical term or geographic name entry element | HILMI ASSOCIATES LTD V 20 PEMBRIDGE VILLAS FREEHOLD LTD |
| 650 24 - SUBJECT ADDED ENTRY--TOPICAL TERM | |
| Topical term or geographic name entry element | LEASEHOLD REFORM, HOUSING AND URBAN DEVELOPMENT ACT 1993 |
| 650 24 - SUBJECT ADDED ENTRY--TOPICAL TERM | |
| Topical term or geographic name entry element | SECTION 13 NOTICE |
| 650 24 - SUBJECT ADDED ENTRY--TOPICAL TERM | |
| Topical term or geographic name entry element | CITY AND COUNTRY PROPERTIES LTD V PLOWDEN INVESTMENTS LTD |
| 650 24 - SUBJECT ADDED ENTRY--TOPICAL TERM | |
| Topical term or geographic name entry element | COMPANIES ACT 1985 S36A |
| 651 #4 - SUBJECT ADDED ENTRY--GEOGRAPHIC NAME | |
| Geographic name | England and Wales |
| Chronological subdivision | 1543- |
| 690 ## - LOCAL SUBJECT ADDED ENTRY--TOPICAL TERM (OCLC, RLIN) | |
| Topical term or geographic name as entry element | PROPERTY-RESIDENTIAL PROPERTY-RESIDENTIAL LANDLORD AND TENANT-RESIDENTIAL LEASEHOLD ENFRANCHISEMENT |
| 856 48 - ELECTRONIC LOCATION AND ACCESS | |
| Uniform Resource Identifier | <a href="https://www.bailii.org/ew/cases/EWCA/Civ/2010/314.html">https://www.bailii.org/ew/cases/EWCA/Civ/2010/314.html</a> |
| Public note | View this item free of charge at www.bailii.org |
| 942 ## - ADDED ENTRY ELEMENTS (KOHA) | |
| Suppress in OPAC | 0 |
| Withdrawn status | Lost status | Source of classification or shelving scheme | Damaged status | Not for loan | Home library | Current library | Shelving location | Date acquired | Total Checkouts | Full call number | Barcode | Date last seen | Copy number | Price effective from | Koha item type |
|---|---|---|---|---|---|---|---|---|---|---|---|---|---|---|---|
| Dewey Decimal Classification | Virtual | Virtual | Online | 17/05/2010 | ONLINE PUBLICATION | 149912-2001 | 06/08/2019 | 1 | 06/08/2019 | Law report |